000 00290nam a2200109Ia 4500
008 200302s9999 xx 000 0 und d
100 _aPierre Zoelly AIA
245 _aArchitectural Notes Anybody Home?
260 _bBirkhauser Publlisher for Architecture
260 _c1995
300 _a132 P.,
999 _c4178
_d4178